000 00790nam a2200253Ia 4500
003 OSt
005 20220918171353.0
006 a|||||r|||| 00| 0
007 ta
008 220917b |||||||| |||| 00| 0 eng d
020 _a9781555709433 (hbk)
_c5716.25
024 _a286,731
037 _b703, 10/12/2015, Aditya Books Pvt. Ltd.
_cTextual
040 _aARTS
_cARTS
_beng
041 _2eng
_aeng
082 _a2:55P, Q3
100 _aChambers Sally Ed.
_936141
245 0 _aCatalogue 2.0
_b The future of the library catalogue
260 _aChicago
_bNeal Schuman UK
_c2013
300 _axxvii, 212p.
_ccm.
650 _aLIBRARY SCIENCE
942 _h2:55P, Q3
_cTEXL
_2CC
999 _c139245
_d139245